Word Ladder: Sit Down and Eat Quiz Stats

 Plays Quiz Updated Sep 14, 2014

Score 0/34 Timer 03:00
0 Plays Today
Hint 4-Letter Word % Correct
Something worn to cover the faceMASK
95.5%
Time when day turns into night, as the sun setsDUSK
94.6%
Where an office worker might eat their lunch☆ DESK ☆
93.5%
Breakfast, lunch, or dinner☆ MEAL ☆
93.3%
Flesh of any animal used for food☆ MEAT ☆
93%
Substance with a penetrating persistent odorMUSK
91.6%
Flat surface that forms the main outside floor of a shipDECK
91.6%
Something that you sit onSEAT
91.4%
Quantity of matter usually of considerable sizeMASS
90.3%
Flesh from cattle, used as food. It's what's for dinner.☆ BEEF ☆
89.7%
To close a door in a forceful fashion, making a loud noiseSLAM
89.5%
To understand the meaning of written wordsREAD
88.5%
Canned food product, primarily made from ham☆ SPAM ☆
88.2%
With [final rung], place where soldiers might eat☆ MESS ☆
87.7%
Jagged rock or coral just below the surface of the seaREEF
87.6%
Tall, slender-leaved plant that grows in marshy groundREED
85.8%
Sweet bulbous shaped fruit☆ PEAR ☆
85.5%
Hint 4-Letter Word % Correct
Brief quarrel or argumentSPAT
85.2%
The part of your body that you sit onREAR
85%
The loud ringing of bellsPEAL
83.3%
Upper part of the human body, containing the brainHEAD
82.1%
Organization of male college studentsFRAT
81.7%
Opposite of HeavenHELL
81.4%
Smooth, level surfaceFLAT
79.6%
Raisin _____☆ BRAN ☆
79.4%
To become healthy or well againHEAL
79.4%
With [first rung], place where soldiers might eat☆ HALL ☆
78.3%
Small object used in making jewelryBEAD
77.3%
Seed or pod from the legume family☆ BEAN ☆
76.3%
American musician; 'Loser', 'Where It's At'BECK
75.2%
Common side dish or hot dog topping (short form)☆ SLAW ☆
74.5%
Pork sausage for frying, for short☆ BRAT ☆
74.1%
Defect or imperfectionFLAW
73.8%
To bask or warm before a fire (primarily Scottish)BEEK
68.8%

Today's Daily Dose

Quick Pick
The Muppets

On This Day
December 19th II

You're not logged in!

Compare scores with friends on all Sporcle quizzes.
OR
Log In

You Might Also Like...

Show Comments

Extras

Top Quizzes Today


Score Distribution

Your Account Isn't Verified!

In order to create a playlist on Sporcle, you need to verify the email address you used during registration. Go to your Sporcle Settings to finish the process.

Report this User

Report this user for behavior that violates our Community Guidelines.

Details: